000 00224 a2200097 4500
001 42187
100 _aNicholls, H J
245 _aEncyclopaedia of Model Aircraft
260 _a
_bOctopus Books Ltd
_c
090 _c26174
_d26174
942 _aNUST-CAE
_cM
_c17974
999 _c277260
_d277260